Minecraft Mobs par Images - Statistiques

Statistiques générales
  • Ce quiz a été pris 1 054 fois
    67 depuis la dernière actualisation
  • Le résultat moyen est 59 sur 101
Statistiques - réponses
Par images Réponse % Correct
Abeille
100%
Âne
97%
Chat
93%
Chauve-souris
93%
Cheval
93%
Cochon
92%
Chèvre
90%
Dauphin
88%
Dromadaire
88%
Lama
86%
Lapin
86%
Loup / Chien
86%
Poule
86%
Tortue
86%
Cheval-squelette
85%
Mouton
85%
Ours Polaire
85%
Panda
85%
Perroquet
85%
Renard
85%
Vache
85%
Araignée
83%
Grenouille
83%
Villageois
83%
Cheval-zombie
81%
Creeper
81%
Golem de Fer
81%
Golem de Neige
78%
Saumon
78%
Enderman
75%
Poulpe
75%
Axolotl
73%
Ender Dragon
73%
Ocelot
73%
Poisson-globe
73%
Têtard
73%
Zombie
73%
Blaze
71%
Champimeuh
71%
Mule
71%
Sorcière
69%
Dromadaire Momifié
68%
Slime
68%
Squelette
68%
Araignée Venimeuse
66%
Ghast
66%
Creeper Chargé
64%
Cube de Magma
63%
Golem de Cuivre
63%
Tatou
63%
Wither
63%
Wither Squelette
63%
Allay
61%
Piglin
59%
Renifleur
59%
Morue
58%
Phantom
58%
Poulpe Luisant
58%
Zombie-villageois
58%
Poisson d'Argent
56%
Warden
54%
Poisson Tropical
53%
Shulker
53%
Endermite
49%
Gardien
49%
Ghast Joyeux
49%
Noyé
49%
Nautile
46%
Piglin Zombifié
44%
Arpenteur
42%
Marchand Ambulant
42%
Nautile-zombie
41%
Hoglin
39%
Lapin Tueur
37%
Pillard
36%
Breeze
34%
Grand Gardien
34%
Géant
32%
Lama de Marchand
32%
Piglin Barbare
32%
Ravageur
32%
Araignée Chevauchée
31%
Vex
31%
Zombie Momifié
31%
Zoglin
29%
Évocateur
25%
Vagabond
25%
Vindicateur
25%
Arpenteur Chevauché
24%
Poule Chevauchée
24%
Embourbé
22%
Illusionniste
22%
Ravageur Chevauché
22%
Hoglin Chevauché
20%
Cavalier Squelette
19%
Cavalier Zombie
19%
Cube de Soufre
17%
Desséché
17%
Dromadaire Momifié Chevauché
17%
Grinceur
17%
Nautile-zombie Chevauché
17%
Aucun quiz correspondant
Distribution des résultats
% des personnes avec chaque résultat
Percentile par nombre de réponses
Votre historique - résultats
Vous n’avez pas pris ce quiz depuis la dernière actualisation